Aspekty interkultúrnej komunikácie v globálnej spoločnosti

Informácie o dizertačnej práci autorky článku. Súčasný stav v oblasti interkultúrnej komunikácie. Definovanie pojmov komunikácia a interkultúra. Teoretické východiská a formulovanie hypotéz. Výskumné metódy uplatnené v dizertačnej práci. Výsledky výskumu a načrtnutie ďalšieho možného vývoja výskumu...

Descrizione completa

Salvato in:
Dettagli Bibliografici
Autore principale: Hulajová, Ľubica
Natura: Capitolo di libro
Lingua:slovacco
Soggetti:
Tags: Aggiungi Tag
Nessun Tag, puoi essere il primo ad aggiungerne!!

MARC

LEADER 00000nla$a2200000$$$4500
001 0083942
005 20240502071937.8
041 0 |a slo 
044 |a SK 
245 1 0 |a Aspekty interkultúrnej komunikácie v globálnej spoločnosti  |c Ľubica Hulajová 
520 |a Informácie o dizertačnej práci autorky článku. Súčasný stav v oblasti interkultúrnej komunikácie. Definovanie pojmov komunikácia a interkultúra. Teoretické východiská a formulovanie hypotéz. Výskumné metódy uplatnené v dizertačnej práci. Výsledky výskumu a načrtnutie ďalšieho možného vývoja výskumu v danej oblasti. 
610 2 0 |a komunikácia multikultúrna 
610 2 0 |a kultúra 
610 2 0 |a výskum 
610 2 0 |a práce kvalifikačné 
100 1 |a Hulajová, Ľubica